000 00559nam a22001817a 4500
005 20251118115508.0
010 _aENG-147083
020 _a9789357315852
_c250.00
035 _aEN-130615
037 _bDBAD
082 _a355.033054
_21
245 _aIndian Defence & Security Handbook/
260 _aGurugram
_bHachette Book Publishing India Pvt. Ltd.
_c2025
270 _a4&5 Floors, Corporate Centre Plot No. 94, Sector 44
_bGurugram
_e122003
300 _aviii,102p.
_c20cm(Pb)
760 _b1
942 _2ddc
_cEN
_h355.033054
_mIND
_e1
999 _c213766
_d213766